000 00435nam a2200193Ia 4500
005 20240823051331.0
008 240823s9999||||xx |||||||||||||| ||und||
020 _a978-81-264-4102-0
041 _aMALAYALAM
082 _A891.453 Q3
100 _aRajeev Sivasankar
245 0 _aThamovedam
250 _a1st
260 _c2013
_b"D C Books,Kot"
500 _aYES
650 _aNovel
_bEnglish
942 _cBK
999 _c219348
_d219348